Every Sabaton song - Statistics

General Stats
  • This quiz has been taken 101 times
  • The average score is 71 of 155
Answer Stats
Primo Victoria % Correct
Primo Victoria
98%
Attero Dominatus
92%
Carolus Rex
89%
The Last Stand
89%
Coat of Arms
87%
Ghost Division
84%
The Art of War
83%
Metalizer
79%
The Red Baron
78%
Bismarck
76%
To Hell and Back
75%
Fields of Verdun
73%
Great War
71%
Night Witches
71%
The Attack of the Dead Men
70%
Dreadnought
68%
Stormtroopers
68%
Winged Hussars
68%
Father
67%
I, Emperor
67%
Nuclear Attack
67%
The Last Battle
67%
Midway
65%
Panzer Battalion
65%
Poltava
65%
Cliffs of Gallipoli
63%
Shiroyama
63%
40:1
62%
Panzerkampf
62%
Seven Pillars of Wisdom
62%
Sparta
62%
The Lion from the North
62%
Uprising
62%
Christmas Truce
60%
Counterstrike
60%
Lady of the Dark
60%
Templars
60%
The Price of a Mile
60%
Crossing the Rubicon
59%
Metal Machine
59%
The Unkillable Soldier
59%
Versailles
59%
A Ghost in the Trenches
57%
Defence of Moscow
57%
Sarajevo
57%
Soldier of Heaven
57%
Steel Commanders
57%
The End of the War to End All Wars
57%
The Final Solution
57%
White Death
57%
Wolfpack
57%
82nd All the Way
56%
Devil Dogs
56%
Hellfighters
56%
Hordes of Khan
56%
Inmate 4859
56%
Stalingrad
56%
In the Name of God
54%
Swedish Pagans
54%
The Royal Guard
54%
7734
52%
Aces in Exile
52%
No Bullets Fly
52%
Rise of Evil
52%
Rorke's Drift
52%
The Future of Warfare
52%
The Lost Battalion
52%
1648
51%
A Lifetime of War
51%
Long Live the King
51%
Soldier of 3 Armies
51%
1916
49%
Gott mit uns
49%
Lightning at the Gates
49%
Race to the Sea
49%
Screaming Eagles
49%
The Duelist
49%
Blood of Bannockburn
48%
Camouflage
48%
Last Dying Breath
48%
The Valley of Death
48%
Wehrmacht
48%
Sun Tzu Says
46%
Back in Control
44%
Hearts of Iron
44%
Into the Fire
44%
The Cycle of Songs
44%
Impaler
43%
Killing Ground
43%
Man of War
43%
Resist and Bite
43%
Smoking Snakes
43%
Talvisota
43%
The First Soldier
43%
Metal Crüe
41%
Till seger
41%
Maid of Steel
40%
Purple Heart
40%
Shotgun
40%
The Ballad of Bull
40%
A Tiger Among Dragons
38%
Reign of Terror
37%
Ruina Imperii
37%
The Carolean's Prayer
37%
Firestorm
35%
Hill 3234
35%
In Flanders Fields
35%
Saboteurs
35%
All Guns Blazing
32%
Twilight of the Thunder God
32%
Unbreakable
32%
Angels Calling
30%
In the Army Now
30%
Kingdom Come
30%
Masters of the World
30%
Union (Slopes of St. Benedict)
30%
We Burn
30%
Far from the Fame
29%
Light in the Black
29%
Metal Ripper
29%
The March to War
29%
Thunderstorm
29%
Feuer frei
27%
Thundergods
27%
Diary of an Unknown Soldier
25%
A Secret
24%
Dominium Maris Baltici
24%
For Whom the Bell Tolls
24%
Glorious Land
24%
Dead Soldier's Waltz
22%
Hellrider
22%
Nightchild
22%
Burn Your Crosses
21%
Für immer
21%
Harley from Hell
21%
Shadows
21%
Speeder
21%
Swedish National Anthem
19%
The Hammer Has Fallen
19%
The Nature of Warfare
19%
Metal Trilogy
17%
The Beast
17%
Dream Destroyer
16%
Hail to the King
16%
Guten Nacht
14%
Jawbreaker
14%
Långa bollar på Bengt
14%
Metal Medley
14%
Birds of War
13%
Endless Nights
11%
Afraid to Shoot Strangers
8%
Introduction
8%
Out of Control
5%
Burn in Hell
3%
En hjältes väg
3%
No matching quizzes found
Score Distribution
Percent of People with Each Score
Percentile by Number Answered
Your Score History
You have not taken this quiz